| 000 | 00464nam a2200157Ia 4500 | ||
|---|---|---|---|
| 008 | 220216s9999 xx 000 0 und d | ||
| 100 |
_aTinker N A _cet al |
||
| 245 | 0 | _aRandom amplified polymorphic DNA and pedigree relationships in spring barley | |
| 260 |
_bTheoretical and Applied Genetics _c1993 |
||
| 300 | _a976-984 | ||
| 650 | _aGenetic marker | ||
| 650 | _aKinsyhip coefficient | ||
| 650 | _aPolymerase chain reaction | ||
| 650 | _aRAPD | ||
| 942 | _cJS | ||
| 999 |
_c66308 _d66308 |
||